| 000 | 00503nam a22001457a 4500 | ||
|---|---|---|---|
| 999 |
_c4521 _d4521 |
||
| 008 | 161108b xxu||||| |||| 00| 0 eng d | ||
| 020 | _a9987-609-25-2 | ||
| 082 | _a321.8 DEM | ||
| 100 | _aMushi, Samwel.- (Editor).- | ||
| 245 |
_aDemocracy and Social Transformation in Africa _cEdited by Samwel S. Mushi, Rwekaza S. Mukandala and Saida Yahya Othman.- _hEnglish. |
||
| 260 |
_aDar Es Salaam: _bREDET, _c2004. |
||
| 300 |
_a219p.; _c21cm.- |
||
| 650 | _2Systems of governments & states | ||
| 942 |
_2ddc _cBOOKS |
||